000 00572nam a22001937a 4500
003 BD-DhJNU
005 20250717025449.0
008 250717b |||||||| |||| 00| 0 eng d
020 _a8171797768
040 _aBD-DhJNU
_bENG
_cBD-DhJNU
_dBD-DhJNU
082 _223
_a615
100 _aKulkarni T, Giriraj
245 _aBiotechnology and its applications in pharmacy /
_cGiriraj Kulkarni T
260 _aNew Delhi :
_bJaypee Brothers,
_c2009.
300 _axii, 171 p. :
_bill. ;
_c24 cm.
504 _aincludes index
650 _aGenetic Engineering
942 _2ddc
_cBK
_n0
999 _c1909
_d1909